Statistics for Wayne Gretzky Quiz

Click here to take the quiz!

General Stats

  • This quiz has been taken 136 times
  • The average score is 10 of 15

Answer Stats

QuestionAnswer% Correct
What Number did he wear?99
95%
Which of these teams did Wayne NOT Play for?Chicago Blackhawks
88%
What NHL Player was his idol growing up?Gordie Howe
88%
What year did Wayne retire?1999
83%
How many NHL teams did Wayne play for in his career?4
82%
Where was Wayne Gretzky born?Brantford, Ontario
74%
How many Points did Wayne get in his first NHL Season?137
67%
How many Career Goals and Points did Wayne get?894 Goals, 2857 Points
66%
How many years did Wayne play NHL Hockey?20
65%
What was his First WHA Team?Indianapolis Racers
62%
How many times did he win the Hart Trophy?9
61%
How many times was he an All-Star?15
53%
Which Cartoon TV show did he appear and voice himself on?The Simpsons
47%
How many hockey records does Gretzky have or share?61
45%
When is Wayne's birthday?January 26th
42%

Score Distribution

Percentile by Number Answered

Percent of People with Each Score

Your Score History

You have not taken this quiz